00948nam a2200301Ia 4500001000700000003000500007008004100012010001100053020001800064040000900082082001700091245010800108260003200216300001500248503002100263504003800284650004000322650003200362650002600394650003000420650003200450650003200482650002300514650002300537650002700560700003100587700002800618Z_2489CHAP220113s1994 xx 000 0 und d a165546 a0-85199-881-4 cCHAP a636.0852 A45 aAmino acids in farm animal nutrition /ceditor J. P. F. D'Mello; colaboradores Baker, D. H.... [et al] a:bCAB International,c1994 axi, 418 p. aej.1: fotocopias aIncluye bibliografía e índice aAminoácidos en nutrición animal aAves de corralxNutrición aBecerrosxNutrición aGanado lanarxNutrición aGanado lecheroxNutrición aGanado porcinoxNutrición aNutrición animal aPecesxNutrición aRumiantesxNutrición a Baker, D. H., colaborador aD'Mello, J. P. F., ed.